Algebra i geometrija /

Salvato in:
Dettagli Bibliografici
Autori principali: Danajan, A.A (Autore), Dudarenko, Vladimir Aleksandrovič (Autore)
Natura: Libro
Lingua:russo
Pubblicazione: Minsk : Vyšča škola, 1989
Tags: Aggiungi Tag
Nessun Tag, puoi essere il primo ad aggiungerne!!

MARC

LEADER 00000nam a22000003a 4500
001 stu475
005 20150617225618.2
008 910529s1989----xxr-----------------rus-d
040 |a STU  |b slo 
041 0 |a rus 
044 |a xxr 
080 |a 512  |7 stu_us_auth*stu7982 
080 |a 514 
100 1 |a Danajan, A.A  |4 aut 
245 1 |a Algebra i geometrija /  |c [aut.] Danajan,A.A.; Dudarenko,V.A 
260 |a Minsk :  |b Vyšča škola,  |c 1989 
300 |a 287 s 
700 1 |a Dudarenko, Vladimir Aleksandrovič  |4 aut 
996 |b E69642  |c E*69642  |l EE10  |s P  |a 0  |w stu475_0001